Al-Mawrid- a Modern English-Arabic Dictionary (Record no. 2074)

MARC details
000 -LEADER
fixed length control field 00610nam a2200241 a 4500
020 ## - INTERNATIONAL STANDARD BOOK NUMBER
ISBN
082 00 - DEWEY DECIMAL CLASSIFICATION NUMBER
Classification number 423.927
Author Cutter BAA
100 ## - MAIN ENTRY--AUTHOR NAME
Author name Ba`albaki, Munir
245 ## - TITLE STATEMENT
Title Al-Mawrid- a Modern English-Arabic Dictionary
260 ## - PUBLICATION, DISTRIBUTION, ETC. (IMPRINT)
Place of publication Beirut
Name of publisher Dar El-Ilm Lil-Malayen
Year of publication 1967
300 ## - PHYSICAL DESCRIPTION
Number of Pages 1090p
500 ## - GENERAL NOTE
General note includes index and biblioraphy
505 2# - FORMATTED CONTENTS NOTE
Formatted contents note index
650 ## - SUBJECT ADDED ENTRY--TOPICAL TERM
Topical Term Dictionary-English Arabic
942 ## - ADDED ENTRY ELEMENTS (KOHA)
Koha item type Books
700 1# -
-- Ba`albaki, Munir
Holdings
Collection code Home library Current library Date acquired Cost, normal purchase price Full call number Accession Number Koha item type
  Henry Martyn Institute Library Henry Martyn Institute Library 06/06/2007 100.00 423.927 BAA 03687 Books
                   Copyright © 2026 | Henry Martyn Institute | Hyderabad | TS-500052 | INDIA | Implemented by hmi.edu.in
Hit-Count:

Powered by Koha